000 00670cam a22002293a 4500
001 27264
003 PGUSA
005 20140828083605.0
008 081115s2008||||xxu|||||s|||||000 | eng d
040 _aPGUSA
_beng
042 _adc
050 4 _aPR
100 1 _aMasefield, John,
_d1878-1967
245 1 0 _aWilliam Shakespeare
_h[electronic resource] /
_cJohn Masefield
260 _bProject Gutenberg,
_c2008
506 _aPublic domain in the USA.
516 _aElectronic text
653 _aShakespeare, William, 1564-1616 -- Criticism and interpretation
830 0 _aProject Gutenberg
_v27264
856 4 0 _uhttp://www.gutenberg.org/ebooks/27264
942 _cEB
999 _c256519
_d256519